How to write better resumes (Registro nro. 1680)

Detalles MARC
000 -CABECERA
campo de control de longitud fija 00598aam a2200241 4500
005 - FECHA Y HORA DE ACTUALIZACIÓN
campo de control 20161020184304.0
008 - LONGITUD FIJA
campo de control de longitud fija 150713b xxu||||| |||| 00| 0 spa d
041 ## - IDIOMA
Código de idioma del texto/pista de sonido o título separado
082 ## - CLASIFICACIÓN DECIMAL DEWEY
Número de clasificación 428.3 L673h
100 ## - AUTOR PERSONAL
Nombre de persona Lewis, Adele
245 ## - TÍTULO PROPIAMENTE DICHO
Título How to write better resumes
250 ## - EDICIÓN
Mención de edición 5 edición
260 ## - PIE DE IMPRENTA
Lugar de publicación, distribución, etc. Estados Unidos
260 ## - PIE DE IMPRENTA
Nombre del editor, distribuidor, etc. Prier
260 ## - PIE DE IMPRENTA
Fecha de publicación, distribución, etc. 1998
300 ## - DESCRIPCIÓN FÍSICA
Extensión 282 páginas
650 ## - Materia General
Materia general INGLES
650 ## - Materia General
Materia general ENSEÑANZA
650 ## - Materia General
Materia general CURRICULUM EN INGLES
650 ## - Materia General
Materia general CURRICULUM PROFESIONAL
650 ## - Materia General
Materia general RESUME
942 ## - Punto de Acceso Adicional Koha
Tipo de ítem Koha Libro
Existencias
Estado perdido Estado dañado No para préstamo Biblioteca permanente Biblioteca actual Signatura completa Código de barras Precio efectivo a partir del Tipo de ítem
      Departamento de Biblioteca y Documentación Alfonso Chase Brenes Departamento de Biblioteca y Documentación Alfonso Chase Brenes 428.3 L673h 10788 20/10/2016 Libro